00377nam a22001457a 4500003000400000005001700004008004100021020001800062040002300080050001500103082002800118100002000146245003400166260003100200OSt20210930101804.0210930b |||||||| |||| 00| 0 eng d a0-07-037200-4 cHawassa university a581/LEOb2 a581/LEObSecond edition aLeopold a. carl aPlant growth and development  aNew york McGRAW-hillc1964